Class, caste and religion in medieval India : (Record no. 78497)

MARC details
000 -LEADER
fixed length control field 00588nam a22001817a 4500
005 - DATE AND TIME OF LATEST TRANSACTION
control field 20130912115350.0
010 ## - LCCN (DPL NO)
LC control number ENG-108301
020 ## - INTERNATIONAL STANDARD BOOK NUMBER
Terms of availability 230.00
International Standard Book Number 9789380036496
035 ## - SYSTEM CONTROL NUMBER
System control number EN-91834
037 ## - SOURCE OF ACQUISITION
Source of stock number/acquisition DBAD/PUB
100 ## - MAIN ENTRY--PERSONAL NAME
Personal name Bandyopadhyaya, Jayantanuja
245 ## - TITLE STATEMENT
Title Class, caste and religion in medieval India :
Statement of responsibility, etc by Jayantanuja Bandyopadhyaya
Remainder of title social history of transition failure /
260 ## - PUBLICATION, DISTRIBUTION, ETC. (IMPRINT)
Place of publication, distribution, etc Kolkata
Name of publisher, distributor, etc Mitram
Date of publication, distribution, etc 2013
270 ## - ADDRESS
Address 37A, College Street,
City Kolkata
Postal code 73
300 ## - PHYSICAL DESCRIPTION
Extent 292p.
Dimensions 18cm(pbk)
500 ## - GENERAL NOTE
General note Includes bibliographical references and index
942 ## - ADDED ENTRY ELEMENTS (KOHA)
Source of classification or shelving scheme Dewey Decimal Classification
Item type English Books
Call number suffix BAN
Holdings
Withdrawn status Lost status Not for loan Collection code Home library Current library Date acquired Source of acquisition Cost, normal purchase price Full call number Barcode Copy number Cost, replacement price Koha item type
    Not For Loan Fiction D.B.Act.Division D.B.Act.Division 08/08/2013 DBAD/PUB 230.00 BAN EN-91834 1 230.00 English Books

© Delhi Public Library
Hit Counter
free hit counter